000 00777nam a2200241 i 4500
001 bg
100 1 _aKASZOWSKA, Barbara
245 1 0 _aLaboratorium sieci i systemów elektroenergetycznych /
_cBarbara Kaszowska, Barbara Kucharska.
260 _aOpole :
_bPO,
_c1996.
300 _a284 s. :
_brys., wykr. ;
_c24 cm.
490 1 _aSkrypt / Politechnika Opolska,
_x0860-9004 [i. e.] 1427-9932 ;
_vnr 190
504 _aBibliogr. przy rozdz.
650 9 _aElektroenergetyka
_xurządzenia
650 9 _aSieć elektryczna
655 _aPodręczniki akademickie
700 1 _aKUCHARSKA, Barbara
830 0 _aSkrypt (Politechnika Opolska) ;
_vnr 190
040 _cBPK
041 0 _apl
080 _a621.31(075.8)
942 _cKS
008 s pl f |000 0 pol
999 _c31614
_d31614
856 _uhttp://koha.tu.koszalin.pl/cgi-bin/koha/opac-detail.pl?biblionumber=31614
_yKatalog online BPK